[Event "C.to Provinciale MI"]
[Site "Milano ITA"]
[Date "2013.01.24"]
[Round "1"]
[White "Vezzosi, Paolo"]
[Black "Vece, Luigi"]
[WhiteElo "2303"]
[BlackElo "1681"]
[Result "1-0"]
[PlyCount "63"]
[EventDate "2013.01.24"]

1. d4 Nf6 2. Nf3 d5 3. c4 e6 4. Nc3 Bb4 5. cxd5 exd5 6. Bg5 O-O 7. e3 Re8 8.
Be2 Nbd7 9. O-O Bxc3 10. bxc3 c5 11. Nd2 c4 12. e4 dxe4 13. Nxc4 Nb6 14. Ne5 h6
15. Bh4 Nbd5 16. Qd2 Qa5 17. Rac1 Bf5 18. Nc4 Qd8 19. Ne3 Qd7 20. c4 Nf4 21.
Bxf6 gxf6 22. Rfd1 Kh7 23. Bf1 Rg8 24. Kh1 Bg4 25. Re1 Rae8 26. Rc3 Ng6 27. Nd5
Qe6 28. Rg3 f5 29. Rb1 b6 30. Qb4 Rd8 31. Re3 a5 32. Qxb6 1-0

[Event "C.to Provinciale MI"]
[Site "Milano ITA"]
[Date "2013.01.24"]
[Round "1"]
[White "Aloe, Giancarlo"]
[Black "Mariano, Elia"]
[WhiteElo "1679"]
[BlackElo "2162"]
[Result "0-1"]
[PlyCount "20"]
[EventDate "2013.01.24"]

1. d4 Nf6 2. Nf3 c5 3. c4 cxd4 4. Nxd4 e5 5. Nf3 Nc6 6. Nc3 Bc5 7. Bg5 Qb6 8.
e3 Qxb2 9. Bxf6 Qxc3+ 10. Nd2 gxf6 0-1

[Event "C.to Provinciale MI"]
[Site "Milano ITA"]
[Date "2013.01.24"]
[Round "1"]
[White "Iudicello, Giovanni"]
[Black "Mazzoccoli, Simone"]
[WhiteElo "2130"]
[BlackElo "1678"]
[Result "1-0"]
[PlyCount "65"]
[EventDate "2013.01.24"]

1. Nf3 Nf6 2. g3 g6 3. Bg2 Bg7 4. d3 d6 5. O-O O-O 6. e4 Nbd7 7. Nc3 a5 8. Bd2
Nc5 9. Qc1 c6 10. Bh6 Rb8 11. Bxg7 Kxg7 12. Qe3 Qc7 13. Rfe1 b5 14. e5 Ng4 15.
Qd4 Kg8 16. exd6 exd6 17. h3 Nh6 18. Qf6 b4 19. Nd1 Be6 20. Nd4 d5 21. Ne3 a4
22. g4 Qd7 23. g5 Nf5 24. Ng4 Ng7 25. Ne5 Qc7 26. Nexc6 Rb7 27. Qe5 Qb6 28. Qe3
Rc8 29. Ne5 b3 30. axb3 axb3 31. c3 Ra7 32. Rxa7 Qxa7 33. Ndc6 1-0

[Event "C.to Provinciale MI"]
[Site "Milano ITA"]
[Date "2013.01.24"]
[Round "1"]
[White "Ragoso, Mario"]
[Black "Andreoni, Giuseppe"]
[WhiteElo "1642"]
[BlackElo "2121"]
[Result "0-1"]
[PlyCount "72"]
[EventDate "2013.01.24"]

1. e4 c5 2. c3 d5 3. exd5 Qxd5 4. d4 g6 5. Nf3 Bg7 6. Be3 cxd4 7. cxd4 Nf6 8.
Nc3 Qa5 9. Bd3 O-O 10. O-O Nc6 11. a3 Be6 12. Qe2 Rfd8 13. Rad1 Ng4 14. Bb1 Bb3
15. Bc2 Bxc2 16. Qxc2 Qh5 17. h3 Nxe3 18. fxe3 Rac8 19. Qe4 Qf5 20. Qh4 Bf6 21.
Qg3 Qc2 22. Rd2 Qb3 23. Qf2 Na5 24. Ne4 Nc4 25. Re2 Nd6 26. Nxf6+ exf6 27. e4
f5 28. e5 Ne4 29. Qh4 Qd3 30. Ree1 Rxd4 31. Nxd4 Qxd4+ 32. Kh1 Qxe5 33. Rf4 Re8
34. Rfxe4 fxe4 35. Qh6 Rd8 36. Rf1 e3 0-1

[Event "C.to Provinciale MI"]
[Site "Milano ITA"]
[Date "2013.01.24"]
[Round "1"]
[White "Pelizzola, Danilo"]
[Black "Ruggeri, Igor"]
[WhiteElo "2084"]
[BlackElo "1601"]
[Result "1-0"]
[PlyCount "77"]
[EventDate "2013.01.24"]

1. e4 c5 2. Nf3 d6 3. d4 cxd4 4. Nxd4 e6 5. g3 Nf6 6. Bg2 Be7 7. O-O O-O 8. c4
a6 9. Nc3 Qc7 10. Qe2 Nc6 11. Nxc6 bxc6 12. b3 Bb7 13. Bb2 Rfd8 14. Rac1 c5 15.
Rce1 Bc6 16. f4 Ra7 17. Rd1 Qb6 18. Rfe1 a5 19. e5 Ne8 20. Bxc6 Qxc6 21. exd6
Bxd6 22. Rd3 Rad7 23. Red1 Be7 24. Rxd7 Rxd7 25. Rxd7 Qxd7 26. Ne4 Qd8 27. Qd2
Qc7 28. Bc3 Qd8 29. Qxd8 Bxd8 30. Nxc5 Bb6 31. Bd4 Nf6 32. Nxe6 Bxd4+ 33. Nxd4
Ne4 34. Kg2 g6 35. Kf3 Nc3 36. a4 f5 37. Nc6 Ne4 38. Nxa5 Nc5 39. Ke3 1-0

[Event "C.to Provinciale MI"]
[Site "Milano ITA"]
[Date "2013.01.24"]
[Round "1"]
[White "Marchesotti, Giovanni"]
[Black "Motola, Jacopo"]
[WhiteElo "1565"]
[BlackElo "2003"]
[Result "0-1"]
[PlyCount "74"]
[EventDate "2013.01.24"]

1. e4 c6 2. d4 d5 3. Nc3 dxe4 4. Nxe4 Nd7 5. Nf3 Ngf6 6. Ng3 e6 7. Bd3 Bd6 8.
Qe2 O-O 9. O-O Qc7 10. Ne4 Nxe4 11. Bxe4 Nf6 12. Ne5 c5 13. c3 Nxe4 14. Qxe4
cxd4 15. cxd4 Bd7 16. Nxd7 Qxd7 17. Be3 Rfd8 18. f4 f5 19. Qd3 Bc7 20. Rfd1 Qd5
21. Rac1 Bb6 22. Rc4 Rd7 23. Rdc1 Rad8 24. Rd1 Qb5 25. Qc2 Kh8 26. a4 Qd5 27.
a5 Qxa5 28. Rc8 Qb4 29. Rc4 Qb5 30. b3 Rd5 31. Rd3 Qd7 32. Rdc3 Bxd4 33. Rxd4
Rxd4 34. Rc7 Rd1+ 35. Kf2 Qd3 36. Qc5 Rd2+ 37. Kg3 Rc2 0-1

[Event "C.to Provinciale MI"]
[Site "Milano ITA"]
[Date "2013.01.24"]
[Round "1"]
[White "Cerioni, Armando"]
[Black "Pipitone, Filippo Massimo"]
[WhiteElo "1991"]
[BlackElo "1560"]
[Result "1-0"]
[PlyCount "37"]
[EventDate "2013.01.24"]

1. d4 d5 2. Nf3 Nf6 3. e3 Bg4 4. h3 Bh5 5. c4 e6 6. Qb3 Qc8 7. Ne5 Be7 8. Nc3
c6 9. Bd2 O-O 10. g4 Bg6 11. Nxg6 hxg6 12. Rc1 Nbd7 13. cxd5 exd5 14. g5 Ne8
15. Nxd5 Kh8 16. Nxe7 Qd8 17. Bb4 c5 18. dxc5 Ne5 19. c6 1-0

[Event "C.to Provinciale MI"]
[Site "Milano ITA"]
[Date "2013.01.29"]
[Round "1"]
[White "Vignati, Andrea"]
[Black "Petrone, Gianmario"]
[WhiteElo "1560"]
[BlackElo "1963"]
[Result "0-1"]
[PlyCount "24"]
[EventDate "2013.01.24"]

1. e4 c5 2. Nf3 d6 3. d4 cxd4 4. Nxd4 Nf6 5. Nc3 a6 6. Bg5 e6 7. Bd3 Be7 8. O-O
O-O 9. Qd2 Nbd7 10. f4 Qb6 11. Bc4 e5 12. Na4 Qxd4+ 0-1

[Event "C.to Provinciale MI"]
[Site "Milano ITA"]
[Date "2013.01.24"]
[Round "1"]
[White "Boer, Stefan"]
[Black "Russo, Luca"]
[WhiteElo "1903"]
[BlackElo "1551"]
[Result "1-0"]
[PlyCount "61"]
[EventDate "2013.01.24"]

1. d4 Nf6 2. Bf4 d6 3. e3 g6 4. Nf3 Bg7 5. h3 Nbd7 6. Be2 O-O 7. O-O c5 8. c3
Qb6 9. Qb3 cxd4 10. exd4 Nh5 11. Bh2 Qc7 12. Ng5 e5 13. Bxh5 gxh5 14. Qc2 Nf6
15. dxe5 dxe5 16. Nd2 h6 17. Ngf3 Nd5 18. Qe4 Nf4 19. Bxf4 exf4 20. Nd4 Bd7 21.
N2f3 Rae8 22. Qd5 Be5 23. Rfe1 Bxd4 24. Nxd4 Kh8 25. Qxh5 Qb6 26. Rxe8 Bxe8 27.
Qe5+ Kh7 28. Qxf4 Rg8 29. Re1 Qxb2 30. Rxe8 Qb1+ 31. Kh2 1-0

[Event "C.to Provinciale MI"]
[Site "Milano ITA"]
[Date "2013.01.24"]
[Round "1"]
[White "Prevedello, Daniele"]
[Black "Miracola, Giorgia"]
[WhiteElo "1527"]
[BlackElo "1874"]
[Result "0-1"]
[PlyCount "76"]
[EventDate "2013.01.24"]

1. c4 Nf6 2. Nc3 d5 3. cxd5 Nxd5 4. e4 Nxc3 5. bxc3 g6 6. Nf3 Bg7 7. d4 O-O 8.
Bc4 c5 9. Ba3 cxd4 10. Nxd4 Qc7 11. Qb3 Nc6 12. Nxc6 bxc6 13. Rc1 Qe5 14. O-O
Rb8 15. Qa4 Bh6 16. Rcd1 Kh8 17. Qxa7 Rb7 18. Qd4 Bg7 19. Qxe5 Bxe5 20. Bb4 c5
21. Ba5 Ra7 22. Bb6 Ra4 23. Bb3 Rxe4 24. Rfe1 Rxe1+ 25. Rxe1 Bxc3 26. Rxe7 Bb4
27. Rc7 Re8 28. h3 Be6 29. Bxe6 Rxe6 30. Bxc5 Bxc5 31. Rxc5 Ra6 32. Rc2 Kg7 33.
Kf1 Kf6 34. Ke2 Ra3 35. Kd2 Ke5 36. Kc1 Kd4 37. Kb2 Ra7 38. Rc3 Rxa2+ 0-1

[Event "C.to Provinciale MI"]
[Site "Milano ITA"]
[Date "2013.01.24"]
[Round "1"]
[White "Cetta, Andrea"]
[Black "Calabrese, Maurizio"]
[WhiteElo "1839"]
[BlackElo "1518"]
[Result "1-0"]
[PlyCount "49"]
[EventDate "2013.01.24"]

1. d4 Nf6 2. c4 e6 3. Nc3 Bb4 4. f3 d5 5. a3 Bxc3+ 6. bxc3 Nbd7 7. cxd5 exd5 8.
e3 Nb6 9. Bd3 Be6 10. Ne2 Nbd7 11. O-O h6 12. Ng3 Nf8 13. e4 dxe4 14. fxe4 N8h7
15. e5 Nd5 16. Bxh7 Rxh7 17. c4 Ne7 18. d5 Bc8 19. Qf3 f6 20. exf6 Nf5 21. Nxf5
Qxf6 22. Nxg7+ Qxg7 23. Bb2 Qf7 24. Rae1+ Kf8 25. Qe4 1-0

[Event "C.to Provinciale MI"]
[Site "Milano ITA"]
[Date "2013.01.24"]
[Round "1"]
[White "Madaschi, Sergio"]
[Black "Marcangeli, Alessandro"]
[WhiteElo "1511"]
[BlackElo "1795"]
[Result "0-1"]
[PlyCount "92"]
[EventDate "2013.01.24"]

1. d4 Nf6 2. c4 g6 3. g3 d5 4. cxd5 Nxd5 5. Bg2 c6 6. Nf3 Bg7 7. O-O O-O 8. e4
Nf6 9. Nc3 Qa5 10. h3 Nbd7 11. Be3 e6 12. Qc2 b5 13. a3 Bb7 14. b4 Qd8 15. a4
a6 16. Rfc1 h6 17. Qd2 Kh7 18. g4 Ng8 19. h4 Qe7 20. Rab1 Rfd8 21. Qc2 e5 22.
g5 exd4 23. Nxd4 Bxd4 24. Bxd4 hxg5 25. hxg5 Qxg5 26. Be3 Qe7 27. f4 f5 28. e5
Nh6 29. Qf2 Ng4 30. Qg3 Nxe3 31. Qxe3 Rh8 32. Rd1 Nf6 33. Qb6 Ng4 34. Bxc6 Bxc6
35. Qxc6 Qh4 36. Rd7+ Kh6 37. Qh1 Qxh1+ 38. Kxh1 g5 39. Rd6+ Kg7+ 40. Kg1 gxf4
41. Rbd1 Nxe5 42. axb5 axb5 43. Nxb5 Ra2 44. Nd4 Kf7 45. Nxf5 Nf3+ 46. Kf1 Rh1#
0-1

[Event "C.to Provinciale MI"]
[Site "Milano ITA"]
[Date "2013.01.29"]
[Round "1"]
[White "Podetti, Davide"]
[Black "Campa, Livio"]
[WhiteElo "1733"]
[BlackElo "1440"]
[Result "1-0"]
[PlyCount "43"]
[EventDate "2013.01.24"]

1. e4 e5 2. Nc3 Nc6 3. Bc4 Nf6 4. Nf3 Bc5 5. d3 O-O 6. Be3 Bb4 7. Bg5 b6 8. O-O
Bb7 9. Nd5 Be7 10. Nxe7+ Qxe7 11. Nh4 Nd4 12. c3 Ne6 13. Nf5 Qd8 14. Bh4 c5 15.
f4 Nxf4 16. Rxf4 exf4 17. e5 g6 18. Nh6+ Kg7 19. Bxf6+ Kxh6 20. Qg4 Qxf6 21.
exf6 d5 22. Qh4# 1-0

[Event "C.to Provinciale MI"]
[Site "Milano ITA"]
[Date "2013.01.24"]
[Round "1"]
[White "Carli, Federico"]
[Black "Libutti, Michele"]
[WhiteElo "1437"]
[BlackElo "1727"]
[Result "0-1"]
[PlyCount "110"]
[EventDate "2013.01.24"]

1. e4 c6 2. d4 d5 3. e5 Bf5 4. Ne2 e6 5. Ng3 Bg6 6. h4 h6 7. Bd3 Bxd3 8. Qxd3
c5 9. c3 Nc6 10. Be3 Nge7 11. Nd2 a6 12. O-O Ng6 13. h5 Nh4 14. Nh1 Be7 15. g3
Nf5 16. Nf3 c4 17. Qe2 g6 18. hxg6 fxg6 19. Rfd1 g5 20. g4 Nxe3 21. Qxe3 h5 22.
Nh2 h4 23. Qh3 Kd7 24. f3 Rf8 25. Rf1 Rf7 26. Kg2 Qf8 27. Rf2 Bd8 28. Rd1 Ne7
29. Kg1 Ng6 30. Qf1 Nf4 31. a3 Nd3 32. Rxd3 cxd3 33. Qxd3 Rc8 34. b4 b5 35. Kg2
Rc4 36. Rf1 Be7 37. Nf2 Qc8 38. Nd1 a5 39. Rf2 axb4 40. axb4 Qa8 41. Rc2 Qb8
42. Qg6 Rf4 43. Nf2 Qc8 44. Qd3 Bxb4 45. Nd1 Rfxd4 46. cxd4 Rxc2+ 47. Kh3 Qc4
48. Qxc4 Rxc4 49. Ne3 Rxd4 50. Nc2 Rc4 51. Nxb4 Rxb4 52. Nf1 d4 53. Nd2 d3 54.
Ne4 Rxe4 55. fxe4 d2 0-1

[Event "C.to Provinciale MI"]
[Site "Milano ITA"]
[Date "2013.01.24"]
[Round "1"]
[White "Valdettaro, Filippo"]
[Black "Cagnotto, Marco"]
[WhiteElo "1721"]
[BlackElo "1434"]
[Result "1-0"]
[PlyCount "77"]
[EventDate "2013.01.24"]

1. e4 c5 2. Nf3 Nc6 3. Bb5 g6 4. O-O Bg7 5. c3 e6 6. d4 cxd4 7. cxd4 Nge7 8.
Nc3 O-O 9. Bf4 d5 10. e5 Bd7 11. Qd2 a6 12. Be2 Rc8 13. Na4 Qa5 14. Qxa5 Nxa5
15. Nc5 Rc7 16. Bd2 Nec6 17. Rac1 Rfc8 18. b4 Nc4 19. Bxc4 dxc4 20. Rxc4 Ne7
21. Rcc1 Bb5 22. Rfe1 Nd5 23. Nxb7 Rxc1 24. Rxc1 Rxc1+ 25. Bxc1 Nxb4 26. a3 Nc2
27. Nc5 Bc6 28. Bb2 a5 29. Nd2 Bf8 30. Nc4 Bxc5 31. dxc5 a4 32. Na5 Bd7 33. c6
Bc8 34. Nb7 Kf8 35. Nd6 Ba6 36. c7 Ke7 37. c8=Q Bxc8 38. Nxc8+ Kd8 39. Nb6 1-0

[Event "C.to Provinciale MI"]
[Site "Milano ITA"]
[Date "2013.01.24"]
[Round "1"]
[White "Tramontano, Fulvio"]
[Black "Colica, Daniele"]
[WhiteElo "1428"]
[BlackElo "1718"]
[Result "0-1"]
[PlyCount "69"]
[EventDate "2013.01.24"]

1. e4 d5 2. e5 c5 3. d4 cxd4 4. Qxd4 e6 5. Bd3 Nc6 6. Qf4 Nge7 7. Bb5 Ng6 8.
Bxc6+ bxc6 9. Qg3 Be7 10. Nf3 Ba6 11. Nc3 Qb6 12. b3 Bb4 13. Bd2 Qa5 14. Nb1
O-O-O 15. a3 Bxd2+ 16. Nbxd2 c5 17. Ng5 Rdf8 18. c3 Ne7 19. b4 Qb5 20. Qg4 Nf5
21. a4 Qb6 22. b5 Bb7 23. O-O f6 24. Nxe6 Qxe6 25. Rfe1 Nd4 26. Qd1 Nf5 27.
exf6 Qxf6 28. Qb3 d4 29. Qc4 Qd6 30. Nb3 dxc3 31. Nxc5 Bd5 32. Qxc3 Qf6 33. Qc1
Kd8 34. Qd1 Nd4 35. Re2 0-1

[Event "C.to Provinciale MI"]
[Site "Milano ITA"]
[Date "2013.01.24"]
[Round "1"]
[White "Carito, Riccardo"]
[Black "Iacopini, Federico"]
[WhiteElo "1702"]
[BlackElo "1413"]
[Result "1-0"]
[PlyCount "75"]
[EventDate "2013.01.24"]

1. d4 Nf6 2. c4 g6 3. Nc3 Bg7 4. e4 d6 5. Bd3 Nc6 6. Bc2 O-O 7. Nge2 b6 8. f3
e5 9. d5 Nb4 10. Bg5 Nxc2+ 11. Qxc2 Re8 12. Qd2 Qd7 13. g4 Kh8 14. h4 Ng8 15.
h5 h6 16. hxg6 fxg6 17. O-O-O Qf7 18. Bxh6 Nxh6 19. g5 Kh7 20. Rdf1 c6 21. dxc6
Qxc4 22. Qxd6 Bf8 23. Qc7+ Re7 24. Rxh6+ Bxh6 25. Qxe7+ Bg7 26. Rh1+ Kg8 27.
Qe8+ Bf8 28. Qxg6+ Bg7 29. Qe8+ Bf8 30. Qxe5 Qxc6 31. Rh8+ Kf7 32. Rh7+ Kg6 33.
Rh8 Bg7 34. Nf4+ Kf7 35. Rh7 Be6 36. Qxg7+ Ke8 37. Rh8+ Bg8 38. Rxg8# 1-0

[Event "C.to Provinciale MI"]
[Site "Milano ITA"]
[Date "2013.01.24"]
[Round "1"]
[White "Verderame, Alberto"]
[Black "Romagnoli, Thomas"]
[WhiteElo "1403"]
[BlackElo "1700"]
[Result "0-1"]
[PlyCount "72"]
[EventDate "2013.01.24"]

1. d4 d5 2. b3 Nf6 3. c3 Bf5 4. Bb2 e6 5. e3 Bd6 6. Nf3 Nbd7 7. Bd3 Bg6 8. O-O
a6 9. c4 c6 10. c5 Bc7 11. Qe2 Bh5 12. Nbd2 e5 13. e4 O-O 14. Qe1 dxe4 15. Bxe4
Nxe4 16. Qxe4 f5 17. Qh4 Qxh4 18. Nxh4 e4 19. g3 Rae8 20. Nc4 g5 21. Ng2 Re6
22. Rae1 Bf3 23. h4 h6 24. hxg5 hxg5 25. Bc1 f4 26. Nd2 Rff6 27. Nxf3 exf3 28.
Rxe6 Rxe6 29. Ne1 fxg3 30. Nxf3 g4 31. Re1 Rf6 32. Re7 Rxf3 33. Rxd7 gxf2+ 34.
Kf1 g3 35. Be3 g2+ 36. Kxg2 f1=Q# 0-1

[Event "C.to Provinciale MI"]
[Site "Milano ITA"]
[Date "2013.01.24"]
[Round "1"]
[White "Pollio, Ciro"]
[Black "Colombo, Abner"]
[WhiteElo "1696"]
[BlackElo "1356"]
[Result "1-0"]
[PlyCount "59"]
[EventDate "2013.01.24"]

1. d4 d5 2. c4 g6 3. cxd5 Nf6 4. Qa4+ Qd7 5. Qxd7+ Bxd7 6. Nc3 Bg7 7. e4 e6 8.
dxe6 fxe6 9. e5 Nd5 10. Nxd5 exd5 11. Nf3 Nc6 12. Bd2 O-O-O 13. Bb5 h6 14. Bd3
Bf5 15. Bxf5+ gxf5 16. O-O-O Bf8 17. g3 Bb4 18. Bxb4 Nxb4 19. a3 Na6 20. Nh4
Rhf8 21. Ng6 Rfe8 22. h3 c5 23. g4 cxd4 24. gxf5 Nc5 25. b4 Ne4 26. Rxd4 Nxf2
27. Rf1 Nxh3 28. f6 Ng5 29. f7 Ne6 30. fxe8=Q 1-0

[Event "C.to Provinciale MI"]
[Site "Milano ITA"]
[Date "2013.01.24"]
[Round "1"]
[White "Frignani, Alessandro"]
[Black "Scovazzi, Tullio"]
[WhiteElo "1327"]
[BlackElo "1692"]
[Result "0-1"]
[PlyCount "48"]
[EventDate "2013.01.24"]

1. e4 e5 2. Bc4 Nf6 3. Qf3 Be7 4. Qb3 O-O 5. f3 Nc6 6. Ne2 d6 7. a4 Na5 8. Qd3
Nxc4 9. Qxc4 c6 10. Nbc3 Be6 11. Qd3 d5 12. exd5 cxd5 13. b3 Bc5 14. Bb2 a6 15.
O-O-O Qc7 16. Ng3 Rfd8 17. Qe2 Rac8 18. Rde1 d4 19. Qxe5 dxc3 20. Qxc3 Bb4 21.
Qxc7 Rxc7 22. c3 Bxb3 23. Kb1 Bf8 24. d4 Bxa4 0-1

[Event "C.to Provinciale MI"]
[Site "Milano ITA"]
[Date "2013.01.25"]
[Round "2"]
[White "Marcangeli, Alessandro"]
[Black "Vezzosi, Paolo"]
[WhiteElo "1795"]
[BlackElo "2303"]
[Result "0-1"]
[PlyCount "64"]
[EventDate "2013.01.24"]

1. d4 Nf6 2. Nf3 c5 3. dxc5 e6 4. Bf4 Bxc5 5. e3 Nc6 6. c3 d5 7. Be2 O-O 8.
Nbd2 Qe7 9. h3 e5 10. Bh2 Bf5 11. O-O Rfd8 12. b4 Bd6 13. b5 Na5 14. Qa4 b6 15.
Nb3 Nb7 16. c4 Ne4 17. Rfc1 Nbc5 18. Nxc5 Nxc5 19. Qd1 d4 20. exd4 exd4 21.
Bxd6 Rxd6 22. Nd2 Re8 23. Bf3 Nd3 24. Bc6 Nxc1 25. Bxe8 Ne2+ 26. Kf1 Bd3 27.
Nf3 Nf4+ 28. Kg1 Qxe8 29. g3 Ne2+ 30. Kh2 Bxc4 31. Qc2 Bxb5 32. Re1 Rf6 0-1

[Event "C.to Provinciale MI"]
[Site "Milano ITA"]
[Date "2013.01.25"]
[Round "2"]
[White "Mariano, Elia"]
[Black "Cetta, Andrea"]
[WhiteElo "2162"]
[BlackElo "1839"]
[Result "1-0"]
[PlyCount "89"]
[EventDate "2013.01.24"]

1. d4 Nf6 2. c4 g6 3. Nc3 d5 4. Bf4 Bg7 5. Nf3 O-O 6. e3 c5 7. dxc5 Qa5 8. Rc1
dxc4 9. Bxc4 Qxc5 10. Qb3 Nc6 11. Qb5 Qxb5 12. Bxb5 Bd7 13. Ke2 a6 14. Bd3 Nb4
15. Bb1 Nfd5 16. Be5 Nxc3+ 17. bxc3 Nc6 18. Bxg7 Kxg7 19. Be4 Rac8 20. Rhd1 Be6
21. Bd5 Bxd5 22. Rxd5 Rfd8 23. Rcd1 Rxd5 24. Rxd5 Rd8 25. Rxd8 Nxd8 26. Kd3 Kf6
27. Kd4 Ne6+ 28. Kd5 Nc7+ 29. Kc5 Na8 30. a4 h6 31. Nd4 e5 32. Nc6 bxc6 33.
Kxc6 Ke6 34. a5 f5 35. c4 e4 36. Kb7 Kd6 37. Kxa8 Kc5 38. Kb7 Kxc4 39. Kxa6 Kd3
40. Kb5 Ke2 41. a6 Kxf2 42. a7 Kxe3 43. a8=Q Kf2 44. Qa2+ Ke1 45. Kc4 1-0

[Event "C.to Provinciale MI"]
[Site "Milano ITA"]
[Date "2013.01.25"]
[Round "2"]
[White "Libutti, Michele"]
[Black "Iudicello, Giovanni"]
[WhiteElo "1727"]
[BlackElo "2130"]
[Result "0-1"]
[PlyCount "62"]
[EventDate "2013.01.24"]

1. d4 Nf6 2. c4 g6 3. Nc3 Bg7 4. e4 d6 5. Nf3 O-O 6. Be2 e5 7. O-O Nc6 8. d5
Ne7 9. Ne1 Ne8 10. Be3 f5 11. f3 f4 12. Bf2 g5 13. c5 Rf6 14. Rc1 Rh6 15. cxd6
Nxd6 16. Nb5 Qe8 17. Nxd6 cxd6 18. Kh1 Kh8 19. Rc7 Ng8 20. Qc2 a6 21. Nd3 Nf6
22. Rc1 Bd7 23. Rxb7 g4 24. fxg4 Bxg4 25. Ne1 Qh5 26. Bg1 Bxe2 27. Qc7 Bf8 28.
Rc3 Nxe4 29. Rh3 Qg6 30. Rxh6 Qxh6 31. Nf3 Ng3# 0-1

[Event "C.to Provinciale MI"]
[Site "Milano ITA"]
[Date "2013.01.25"]
[Round "2"]
[White "Andreoni, Giuseppe"]
[Black "Podetti, Davide"]
[WhiteElo "2121"]
[BlackElo "1733"]
[Result "1-0"]
[PlyCount "75"]
[EventDate "2013.01.24"]

1. e4 e5 2. Nf3 Nc6 3. Bb5 a6 4. Ba4 Nf6 5. O-O d6 6. Re1 Bd7 7. c3 Be7 8. h3
O-O 9. d4 Re8 10. Nbd2 Bf8 11. Bc2 h6 12. Nf1 g6 13. Ng3 Bg7 14. Be3 Kh7 15.
Qd2 Qe7 16. Rac1 a5 17. b3 b6 18. Bb1 Reb8 19. Nh2 Ng8 20. a3 Be8 21. d5 Nd8
22. c4 Nb7 23. b4 axb4 24. axb4 Bd7 25. f3 Ra7 26. Nh1 Rba8 27. Nf2 f5 28. f4
Ra3 29. Nf3 Re8 30. fxe5 dxe5 31. c5 bxc5 32. exf5 gxf5 33. bxc5 Bc8 34. Qb4
Ra8 35. Bf4 e4 36. Nxe4 fxe4 37. Rxe4 Qf7 38. Re7+ 1-0

[Event "C.to Provinciale MI"]
[Site "Milano ITA"]
[Date "2013.01.25"]
[Round "2"]
[White "Colica, Daniele"]
[Black "Pelizzola, Danilo"]
[WhiteElo "1718"]
[BlackElo "2084"]
[Result "0-1"]
[PlyCount "84"]
[EventDate "2013.01.24"]

1. e4 c5 2. Nc3 Nc6 3. g3 Nf6 4. Bg2 d6 5. d3 e6 6. f4 Be7 7. Nge2 Bd7 8. O-O
Rc8 9. Nb5 O-O 10. Nxd6 Bxd6 11. e5 Nxe5 12. fxe5 Bxe5 13. Bxb7 Rb8 14. Bg2
Bxb2 15. Bg5 h6 16. Bxf6 Bxf6 17. Nf4 Bd4+ 18. Kh1 Rb2 19. Rb1 Rxb1 20. Qxb1
Qc7 21. Qd1 Bc6 22. Qg4 Bxg2+ 23. Kxg2 Qe5 24. c4 Rb8 25. Qd1 Rb2+ 26. Kh1 Qb8
27. Qf3 Qb7 28. a4 g5 29. Qxb7 Rxb7 30. Nh5 Rb2 31. Nf6+ Kg7 32. Ne8+ Kg6 33.
Nd6 a6 34. a5 g4 35. Nxf7 Ra2 36. Nd8 Rxa5 37. Nxe6 Ra3 38. Nf8+ Kg7 39. Ne6+
Kg8 40. Rf8+ Kh7 41. Rf7+ Kg6 42. Rd7 Ra1+ 0-1

[Event "C.to Provinciale MI"]
[Site "Milano ITA"]
[Date "2013.01.25"]
[Round "2"]
[White "Motola, Jacopo"]
[Black "Valdettaro, Filippo"]
[WhiteElo "2003"]
[BlackElo "1721"]
[Result "1-0"]
[PlyCount "65"]
[EventDate "2013.01.24"]

1. e4 e6 2. d3 d5 3. Nd2 c5 4. g3 Nc6 5. Bg2 g6 6. Ngf3 Bg7 7. O-O Nge7 8. Re1
O-O 9. c3 Qc7 10. Qc2 b6 11. Nf1 Bb7 12. exd5 Nxd5 13. Ne3 Nce7 14. Ng4 Rad8
15. a3 Nf5 16. h3 Ba6 17. c4 Nf6 18. Bg5 Nxg4 19. Bxd8 Rxd8 20. hxg4 Nd4 21.
Nxd4 Bxd4 22. Kh2 Kg7 23. Re4 h5 24. gxh5 Rh8 25. Rh4 gxh5 26. Qe2 Kf8 27. Rxh5
Rxh5+ 28. Qxh5 Bxb2 29. Re1 Bc8 30. Re4 Bxa3 31. Qh8+ Ke7 32. Rf4 e5 33. Rxf7+
1-0

[Event "C.to Provinciale MI"]
[Site "Milano ITA"]
[Date "2013.01.25"]
[Round "2"]
[White "Romagnoli, Thomas"]
[Black "Cerioni, Armando"]
[WhiteElo "1700"]
[BlackElo "1991"]
[Result "0-1"]
[PlyCount "60"]
[EventDate "2013.01.24"]

1. e4 c5 2. Nf3 e6 3. d4 cxd4 4. Nxd4 a6 5. Nc3 Qc7 6. Be3 Bb4 7. Qd2 Nf6 8. f3
d5 9. Bd3 e5 10. Nde2 d4 11. Nxd4 exd4 12. Bxd4 Qe7 13. O-O Nc6 14. Be3 Bc5 15.
Rae1 Bxe3+ 16. Rxe3 O-O 17. Nd5 Qd8 18. c4 Ne5 19. f4 Nxd5 20. cxd5 Nxd3 21.
Qxd3 Bd7 22. Qd4 Rc8 23. Rg3 f6 24. h3 Qa5 25. Kh2 Qc5 26. Qd1 Qc4 27. Re1 Qxa2
28. f5 Qxb2 29. Rb3 Qe5+ 30. Rg3 Rc3 0-1

[Event "C.to Provinciale MI"]
[Site "Milano ITA"]
[Date "2013.01.25"]
[Round "2"]
[White "Petrone, Gianmario"]
[Black "Carito, Riccardo"]
[WhiteElo "1963"]
[BlackElo "1702"]
[Result "1-0"]
[PlyCount "37"]
[EventDate "2013.01.24"]

1. e4 c6 2. d4 d5 3. Nc3 dxe4 4. Nxe4 Nd7 5. Nf3 Ngf6 6. Ng3 e6 7. Bd3 c5 8.
O-O Be7 9. dxc5 Bxc5 10. Nd2 O-O 11. Nde4 Nxe4 12. Nxe4 Be7 13. Qh5 g6 14. Qe2
Nc5 15. Nxc5 Bxc5 16. Bh6 Re8 17. Bb5 Re7 18. Qe5 Qd4 19. Rad1 1-0

[Event "C.to Provinciale MI"]
[Site "Milano ITA"]
[Date "2013.01.25"]
[Round "2"]
[White "Scovazzi, Tullio"]
[Black "Boer, Stefan"]
[WhiteElo "1692"]
[BlackElo "1903"]
[Result "1/2-1/2"]
[PlyCount "91"]
[EventDate "2013.01.24"]

1. e4 c6 2. d4 d5 3. exd5 cxd5 4. Bd3 Nc6 5. c3 Nf6 6. Bf4 Bg4 7. Nf3 e6 8.
Nbd2 Be7 9. O-O O-O 10. Qb3 Na5 11. Qc2 Bh5 12. Ne5 Bg6 13. Nxg6 hxg6 14. Nf3
Rc8 15. Rac1 Nc6 16. Qb1 Bd6 17. Bg3 Bxg3 18. hxg3 Qd6 19. Rfe1 Ne7 20. Ne5 Nf5
21. g4 Ne7 22. Re2 Nd7 23. Rce1 Nxe5 24. Rxe5 a6 25. a4 Qd7 26. Qd1 b5 27. R5e2
Rb8 28. Rd2 Rfe8 29. Qe2 Rb6 30. Ra1 Reb8 31. axb5 axb5 32. b4 Nc8 33. Rda2 Nd6
34. Ra8 Qc8 35. Rxb8 Rxb8 36. Qd2 Rb7 37. f3 Rc7 38. Ra5 Qb7 39. Qa2 Nc4 40.
Bxc4 Rxc4 41. Qd2 Qc6 42. Ra3 Kh7 43. Qg5 Qc8 44. Qe7 Rc7 45. Qg5 Qb7 46. Qh4+
1/2-1/2

[Event "C.to Provinciale MI"]
[Site "Milano ITA"]
[Date "2013.01.25"]
[Round "2"]
[White "Miracola, Giorgia"]
[Black "Pollio, Ciro"]
[WhiteElo "1874"]
[BlackElo "1696"]
[Result "1-0"]
[PlyCount "64"]
[EventDate "2013.01.24"]

1. Nf3 c5 2. g3 d5 3. Bg2 Nf6 4. O-O Nc6 5. d4 e6 6. c4 cxd4 7. Nxd4 Qb6 8.
Nxc6 bxc6 9. Nc3 Bd7 10. e4 dxe4 11. Nxe4 Nxe4 12. Bxe4 Rd8 13. Qc2 g6 14. Bg5
Be7 15. Qc3 Rg8 16. c5 Qb7 17. Bf4 f6 18. Bd3 e5 19. Bc4 Rf8 20. Bh6 Bxc5 21.
Bxf8 Bxf8 22. Qf3 Be7 23. Bb3 Kf8 24. h4 h5 25. Qd3 Kg7 26. Qc4 Rf8 27. Kh2 c5
28. Rfd1 Qf3 29. Qf1 Bc6 30. Rd3 Qg4 31. Rd2 Bd7 32. Rad1 Bc6 1-0

[Event "C.to Provinciale MI"]
[Site "Milano ITA"]
[Date "2013.01.25"]
[Round "2"]
[White "Vece, Luigi"]
[Black "Madaschi, Sergio"]
[WhiteElo "1681"]
[BlackElo "1511"]
[Result "0-1"]
[PlyCount "37"]
[EventDate "2013.01.24"]

1. e4 c5 2. Nf3 d6 3. d4 cxd4 4. Nxd4 Nf6 5. Nc3 a6 6. Bc4 e6 7. Bg5 Be7 8. Qd2
Qc7 9. Bb3 h6 10. Bh4 b5 11. f3 Bb7 12. Bf2 Nc6 13. O-O O-O 14. Rad1 Nxd4 15.
Bxd4 Bc6 16. Qe3 Nd7 17. Qf2 Bf6 18. Ne2 Bxd4 19. Qxd4 {...} 0-1